Score 0/24 Timer 06:00
12 Plays Today
% Correct
Godzilla
94.8%
The Godfather
89.6%
Groundhog Day
87.5%
George of the Jungle
78.4%
Good Morning, Vietnam
75.2%
The Green Lantern
71.4%
Grown Ups
66.7%
Get Him to the Greek
61.9%
The Green Hornet
58.6%
The Golden Compass
57.2%
Ghost Rider
55.4%
Galaxy Quest
49.7%
% Correct
Goldeneye
49.7%
Get Smart
48%
Girl, Interrupted
47.9%
Gone in 60 Seconds
44.6%
The Grudge
41.6%
Guess Who's Coming to Dinner
40.8%
G.I. Joe: Rise of Cobra
38.7%
Grapes of Wrath
37.8%
Good Night, and Good Luck.
33.3%
The Golden Child
31.1%
Giant
26.6%
The Green Zone
24.7%
Remove Ads.
Support Sporcle.
Get the best of Sporcle when you Go Orange. This ad-free experience offers more features, more stats, and more fun while also helping to support Sporcle. Thank you for becoming a member.

You're not logged in!

Compare scores with friends on all Sporcle quizzes.
OR
Log In

Show Comments

Extras

Top Quizzes Today


Score Distribution

Your Account Isn't Verified!

In order to create a playlist on Sporcle, you need to verify the email address you used during registration. Go to your Sporcle Settings to finish the process.

Report this User

Report this user for behavior that violates our Community Guidelines.

Details: